000 00328nam a2200133Ia 4500
008 240624s9999 xx 000 0 und d
041 _aeng
082 _a634.901 KOZ
100 _aKOZAK ANTAL
245 _aINTRODUCTORY PROBABILITY AND STATISTICS
260 _c2008
_aUk
_bCabi
300 _axvi, 408 p,: 23 cm.
365 _c
_b38
999 _c31172
_d31172